000 02488 a2200385 4500
001 23069132
003 0000
005 20251110121748.0
008 230417s2024 flu b 001 0 eng
010 _a 2023017730
020 _a9781032432205
035 _a23069132
040 _aDLC
_beng
_erda
_cDLC
_dDLC
042 _apcc
050 0 0 _aTK 7871.68 .L86
082 0 0 _a661/.03
_223/eng/20231018
100 _aMoharil, S.V. (editor)
245 0 0 _aLuminescent metal oxides :
_bmaterials to technologies /
_cedited by S.V. Moharil, N.S. Bajaj, and P. K. Tawalare.
264 1 _aBoca Raton, FL :
_bCRC Press,
_c2024.
300 _axiv, 309p. ill.
336 _atext
_btxt
_2rdacontent
337 _aunmediated
_bn
_2rdamedia
338 _avolume
_bnc
_2rdacarrier
504 _aIncludes bibliographical references and index.
520 _a"The focus of the book is to explore metal oxides exhibiting a high optical transmittance as applicable in the field of light-emitting diodes (LED), photo-catalysts, and so forth. It provides exposure to structural and chemical parameters of optically active metal oxides as a phosphor, and innovative/currently demanded synthesis methods and their proper characterization. it further covers applications such as optical thermometry, scintillation, anti-counterfeit, solid state lighting and spectral modifier for solar cell, VUV application, and long persistent light emission phenomenon. Reviews selection of structurally and functionally active materials for effective synthesis of metal oxides. Exclusively covers large number of areas of applications of the luminescent metal oxides. Cover various aspects of metal oxide research including synthesis and applications. Includes chapters on synthesis related predictions using machine learning. Discusses radiation dosimetry and bio-imaging aspects. This book is aimed at researchers and graduate students in materials science and phosphor technology"--
_cProvided by publisher.
650 0 _aElectroluminescent devices
_xMaterials.
650 0 _aMetallic oxides
_xOptical properties.
700 1 _aMoharil, S. V.,
_eeditor.
700 1 _aBajaj, N. S.,
_eeditor.
700 1 _aTawalare, P. K.,
_eeditor.
776 0 8 _iOnline version:
_tLuminescent metal oxides
_bFirst edition
_dBoca Raton, FL : CRC Press, 2024
_z9781003366232
_w(DLC) 2023017731
906 _a7
_bcbc
_corignew
_d1
_eecip
_f20
_gy-gencatlg
942 _2lcc
_cBK
999 _c43986
_d43986